000 00491nam a2200181Ia 4500
001 3588
005 20260306145654.0
008 260306t1994||||xx |||||||||||||| ||spa||
041 _aESP
082 _a291.5
_bC95
100 _aCuervo, Fernando
_eAUT
245 0 _aPrincipios morales de uso más frecuente:
_bcon las enseñanzas de la Encíclica "Veritatis Splendor"
260 _c1994
300 _a149 páginas :
_c23 cm.
650 _aGEN
654 _aCHU
942 _cLIB
_dJUS
_fJUS
_2ddc
_n
999 _c3588
_d3588